000 00531cam a2200205 a 4500
020 _a020187072X
020 _a9780201870725
020 _a0201474352
020 _a9780201474350
040 _cDLC
082 0 0 _a519 GER 1997 A060 Or.
100 1 _aGerald, Curtis F.,
245 1 0 _aApplied numerical analysis /
250 _aSixth edition
300 _a1 volume (various pagings) :
_billustrations ;
_c25 cm
650 0 _aNumerical analysis
650 4 _aNumerical analysis
700 1 _aWheatley, Patrick O
942 _cEK
999 _c14204
_d14204